[Event "Novi Sad chess winter "]
[Site "Novi Sad"]
[Date "2014.01.15"]
[Round "8.10"]
[White "Farkas, Sandor I"]
[Black "Borbas, Petar"]
[Result "1-0"]
[WhiteElo "1874"]
[BlackElo "1775"]
[PlyCount "63"]
[EventDate "2014.01.10"]

1. e4 e5 2. d4 exd4 3. Qxd4 Nc6 4. Qe3 g6 5. Nc3 Bg7 6. Bd2 d6 7. O-O-O Bd7 8.
f3 Nge7 9. g4 Nc8 10. Nd5 Nb6 11. h4 Ne5 12. Bc3 Rg8 13. Nh3 h6 14. Nhf4 c6 15.
Nxb6 axb6 16. Kb1 Qc7 17. Bd4 Be6 18. Nxe6 fxe6 19. Bxb6 Qe7 20. Bd4 Kd7 21.
Bc5 Nf7 22. Qb3 b5 23. c4 Rgb8 24. cxb5 Kc8 25. Bd4 Bxd4 26. Rxd4 c5 27. Ra4
Nd8 28. Rxa8 Rxa8 29. Qc3 Qa7 30. Bc4 Qf7 31. Rd1 Nb7 32. Qh8+ 1-0

[Event "Novi Sad chess winter "]
[Site "Novi Sad"]
[Date "2014.01.15"]
[Round "8.11"]
[White "Putnik, Milan"]
[Black "Vukovic, Cvetko"]
[Result "1-0"]
[WhiteElo "1750"]
[BlackElo "1801"]
[PlyCount "33"]
[EventDate "2014.01.10"]

1. d4 d5 2. c4 e6 3. Nc3 Nf6 4. Nf3 c6 5. g3 Be7 6. Bg2 O-O 7. O-O Nbd7 8. Bf4
Re8 9. h3 Nh5 10. cxd5 exd5 11. Bd2 g5 12. e4 dxe4 13. Nxe4 h6 14. Nfxg5 Nxg3
15. fxg3 hxg5 16. Qh5 Nf8 17. Qxf7+ 1-0

[Event "Novi Sad chess winter "]
[Site "Novi Sad"]
[Date "2014.01.15"]
[Round "8.12"]
[White "Vucurovic, Nebojsa"]
[Black "Ratic, Zoran"]
[Result "0-1"]
[WhiteElo "2016"]
[BlackElo "1938"]
[PlyCount "136"]
[EventDate "2014.01.10"]

1. e4 c5 2. Nf3 Nc6 3. Bb5 g6 4. O-O Bg7 5. Re1 Nf6 6. e5 Nd5 7. c3 O-O 8. d4
cxd4 9. cxd4 Qb6 10. Bc4 Nc7 11. Nc3 Na5 12. Bd3 d5 13. Na4 Qc6 14. Bd2 Nc4 15.
Rc1 b5 16. Nc5 Bg4 17. Rc2 Ne6 18. Nxe6 Qxe6 19. Bb4 a5 20. Bc5 a4 21. h3 Bxf3
22. Qxf3 Rfb8 23. b3 axb3 24. axb3 Na5 25. Bf1 Bf8 26. g4 Qd7 27. e6 fxe6 28.
Rce2 Ra6 29. g5 Bg7 30. Qg4 Nxb3 31. Rxe6 Nxc5 32. dxc5 Rxe6 33. Qxe6+ Qxe6 34.
Rxe6 Kf7 35. Ra6 Be5 36. Kg2 b4 37. Bd3 Rc8 38. c6 b3 39. Kf3 b2 40. Ke3 e6 41.
f4 Bc7 42. Ra7 Ke8 43. Rb7 Ke7 44. Rxb2 Rf8 45. Rb4 d4+ 46. Kxd4 Rxf4+ 47. Be4
Rh4 48. Rb3 Rh5 49. Rd3 Rxg5 50. Kc4 Bd6 51. Rb3 Rc5+ 52. Kd3 Kf6 53. Rb7 h5
54. Rd7 Be5 55. Rd8 Rc3+ 56. Ke2 Rxh3 57. Bd3 g5 58. Rd7 h4 59. c7 Bxc7 60.
Rxc7 g4 61. Be4 Rh2+ 62. Ke3 g3 63. Rh7 g2 64. Rh6+ Ke7 65. Rg6 h3 66. Kf2 Rh1
67. Bd3 Rd1 68. Bc4 h2 0-1

[Event "Novi Sad chess winter "]
[Site "Novi Sad"]
[Date "2014.01.15"]
[Round "8.13"]
[White "Aleksic, Zvonimir"]
[Black "Jevtic, Miroljub"]
[Result "0-1"]
[WhiteElo "1936"]
[BlackElo "2073"]
[PlyCount "100"]
[EventDate "2014.01.10"]

1. e4 e5 2. Nf3 Nc6 3. Bb5 Nf6 4. O-O Bc5 5. d3 d6 6. c3 a6 7. Ba4 b5 8. Bb3
Bb6 9. Nbd2 Na5 10. Bc2 c5 11. Re1 O-O 12. Nf1 h6 13. Ng3 Nc6 14. h3 d5 15. a4
Ra7 16. axb5 axb5 17. Rxa7 Bxa7 18. exd5 Qxd5 19. Qe2 Re8 20. Be3 b4 21. Ra1
Bb6 22. Nd2 Bb7 23. Bb3 Qd7 24. Nge4 Nxe4 25. Nxe4 Qe7 26. Qg4 Kh8 27. Qh5 Nd8
28. Bxh6 g6 29. Qe2 Ne6 30. Be3 Nf4 31. Qd2 bxc3 32. bxc3 f5 33. Bxf4 exf4 34.
Qxf4 fxe4 35. dxe4 Kg7 36. Re1 Rf8 37. Qe3 Qe5 38. Rd1 Rd8 39. Rxd8 Bxd8 40.
Qd3 Bc7 41. Qf3 Qh2+ 42. Kf1 Ba6+ 43. Ke1 Bf4 44. c4 Be5 45. Qg4 Bc3+ 46. Ke2
Qd6 47. Kf1 Qd2 48. g3 Bb7 49. Bd1 Qe1+ 50. Kg2 Bd4 0-1

[Event "Novi Sad chess winter "]
[Site "Novi Sad"]
[Date "2014.01.15"]
[Round "9.1"]
[White "Drazic, Sinisa"]
[Black "Popovic, Milan S"]
[Result "1-0"]
[WhiteElo "2421"]
[BlackElo "2185"]
[PlyCount "151"]
[EventDate "2014.01.10"]

1. d4 Nf6 2. Nf3 g6 3. Bg5 Bg7 4. Nbd2 d5 5. Bxf6 Bxf6 6. c3 O-O 7. e4 dxe4 8.
Nxe4 Bg7 9. Bc4 Nd7 10. O-O Nf6 11. Ned2 Bg4 12. Qb3 Bxf3 13. Nxf3 Rb8 14. a4
e6 15. Rfe1 Nd5 16. h4 c6 17. g3 Qc7 18. Kg2 Nb6 19. Bf1 Nd7 20. Rad1 Rbd8 21.
Kg1 e5 22. Bc4 Bf6 23. dxe5 Nxe5 24. Nxe5 Bxe5 25. Kg2 Rxd1 26. Qxd1 h5 27. Qe2
Bf6 28. Qe3 Kg7 29. Qxa7 Rd8 30. a5 Rd7 31. Re2 Bd8 32. a6 bxa6 33. Qxc7 Rxc7
34. Bxa6 c5 35. Bc4 Kf8 36. Rd2 Be7 37. Kf3 Kg7 38. Ke2 Rc8 39. Bd5 Rd8 40. Kd1
g5 41. hxg5 Bxg5 42. f4 Bh6 43. c4 h4 44. gxh4 Bxf4 45. Rf2 Be5 46. Rxf7+ Kg6
47. h5+ Kg5 48. Kc2 Rb8 49. b3 Bd4 50. Bf3 Re8 51. Bd1 Re5 52. Rg7+ Kf4 53.
Rg4+ Kf5 54. b4 Re1 55. Rh4 Bf6 56. Rh3 cxb4 57. h6 Re8 58. Kb3 Rb8 59. Bc2+
Ke6 60. Be4 Be5 61. Bf3 Kd6 62. h7 Ke7 63. Bd5 Bh8 64. Rg3 Bc3 65. Re3+ Kf6 66.
c5 Kg7 67. Re7+ Kf6 68. Rd7 Be5 69. Rb7 Rc8 70. Kxb4 Kg6 71. Kb5 Bg7 72. Be4+
Kh6 73. Rb6+ Kh5 74. Rg6 Bd4 75. c6 Rh8 76. Rg8 1-0

[Event "Novi Sad chess winter "]
[Site "Novi Sad"]
[Date "2014.01.15"]
[Round "9.3"]
[White "Simovic, Zarko"]
[Black "Yagupov, Igor"]
[Result "0-1"]
[WhiteElo "1946"]
[BlackElo "2388"]
[PlyCount "114"]
[EventDate "2014.01.10"]

1. d4 d5 2. c4 c6 3. Nc3 Nf6 4. Nf3 e6 5. e3 Nbd7 6. Bd3 dxc4 7. Bxc4 b5 8. Bd3
a6 9. O-O c5 10. dxc5 Nxc5 11. Bc2 Qc7 12. a3 Bb7 13. Qe2 Bd6 14. h3 h6 15. Rd1
O-O 16. b4 Ncd7 17. Bb2 Nb6 18. Bb3 Rac8 19. Rac1 Qb8 20. Nb1 Bd5 21. Bxd5
Nfxd5 22. Nbd2 Na4 23. Ne4 Nxb2 24. Qxb2 Be7 25. Rxc8 Rxc8 26. Rc1 Nb6 27. Ned2
Na4 28. Rxc8+ Qxc8 29. Qd4 Qc1+ 30. Kh2 Qxa3 31. Qa7 Qxb4 32. Qxa6 Qd6+ 33.
Qxd6 Bxd6+ 34. Kg1 Nc3 35. Nb3 e5 36. Nfd2 f5 37. Kf1 Kf7 38. f3 e4 39. Nd4 Kf6
40. fxe4 fxe4 41. Ne2 Nxe2 42. Kxe2 Ke5 43. Nb3 Kd5 44. Kd1 Kc4 45. Kc2 Bb4 46.
Nd4 Bc5 47. Nf5 b4 48. Ng3 b3+ 49. Kb2 Kd3 50. Kxb3 g6 51. h4 h5 52. Kb2 Bxe3
53. Nxe4 Kxe4 54. Kc2 Bf2 55. Kd2 Bxh4 56. Ke2 Bg3 57. Kf1 Bh2 0-1

[Event "Novi Sad chess winter "]
[Site "Novi Sad"]
[Date "2014.01.15"]
[Round "9.4"]
[White "Lukajic, Bojan"]
[Black "Trajkovic, Aleksandar"]
[Result "0-1"]
[WhiteElo "2200"]
[BlackElo "2197"]
[PlyCount "84"]
[EventDate "2014.01.10"]

1. e4 d6 2. d4 Nf6 3. Nc3 g6 4. f3 Bg7 5. Be3 c6 6. Qd2 O-O 7. O-O-O b5 8. Kb1
a5 9. g4 a4 10. Nh3 b4 11. Ne2 b3 12. cxb3 axb3 13. a3 Nbd7 14. Nhf4 e5 15.
dxe5 Nxe5 16. Ng1 Qe8 17. g5 Nh5 18. Nxh5 gxh5 19. Be2 d5 20. f4 Nc4 21. Bxc4
dxc4 22. e5 Bf5+ 23. Kc1 Be4 24. Ne2 Bxh1 25. Rxh1 Rd8 26. Qb4 Qe6 27. Qc5 Rd5
28. Qb4 Rd3 29. Bd2 Rfd8 30. Rd1 Qd5 31. Nc3 Qd4 32. Nb1 Qxf4 33. Re1 Rxd2 34.
Nxd2 Bxe5 35. Rd1 Qd4 36. Qc3 Qxc3+ 37. bxc3 Bxc3 38. Nb1 Rxd1+ 39. Kxd1 Ba5
40. Nd2 Bxd2 41. Kxd2 Kf8 42. Kc3 Ke8 0-1

[Event "Novi Sad chess winter "]
[Site "Novi Sad"]
[Date "2014.01.15"]
[Round "9.5"]
[White "Mladenovic, Dusan"]
[Black "Cengija, Vanja"]
[Result "1/2-1/2"]
[WhiteElo "2114"]
[BlackElo "2255"]
[PlyCount "107"]
[EventDate "2014.01.10"]

1. e4 Nf6 2. d3 d6 3. Nc3 e5 4. g3 Be7 5. Bg2 c6 6. h3 b5 7. Nf3 O-O 8. O-O Re8
9. a3 Nbd7 10. d4 Qc7 11. dxe5 dxe5 12. Nh4 Nc5 13. Nf5 Bf8 14. g4 Ne6 15. Be3
Bc5 16. Qf3 Bf8 17. Ne2 Nd7 18. g5 Bb7 19. Rad1 Nb6 20. c3 Rad8 21. Qg3 Nc4 22.
Bc1 c5 23. Kh2 Rxd1 24. Rxd1 Rd8 25. Rd3 a6 26. h4 Rd7 27. h5 Rxd3 28. Qxd3 Nd6
29. Nxd6 Bxd6 30. Bh3 Qe7 31. Ng3 g6 32. hxg6 hxg6 33. Bxe6 Qxe6 34. b4 Be7 35.
Be3 cxb4 36. cxb4 Bc8 37. Qc3 Bd6 38. Bc5 Bc7 39. Kg1 Bb8 40. Qf3 Kg7 41. Qh1
Bd6 42. Bxd6 Qxd6 43. Kg2 Bg4 44. Qa1 Kg8 45. Qc3 Kf8 46. Nf1 Be2 47. Qc8+ Kg7
48. Ng3 Bc4 49. Qh3 Kf8 50. Qc8+ Ke7 51. Qb7+ Ke6 52. Qc8+ Ke7 53. Qb7+ Kd8 54.
Qa8+ 1/2-1/2

[Event "Novi Sad chess winter "]
[Site "Novi Sad"]
[Date "2014.01.15"]
[Round "9.9"]
[White "Simeunovic, Predrag"]
[Black "Tesanovic, Rajko"]
[Result "0-1"]
[WhiteElo "2135"]
[BlackElo "1819"]
[PlyCount "70"]
[EventDate "2014.01.10"]

1. e4 e6 2. d3 d5 3. Nd2 dxe4 4. Nxe4 Nf6 5. Nxf6+ Qxf6 6. Nf3 Bd6 7. Be2 O-O
8. Ng5 Bb4+ 9. c3 Ba5 10. Bf3 h6 11. Ne4 Qh4 12. g3 Qe7 13. d4 e5 14. d5 f5 15.
d6 cxd6 16. Nxd6 e4 17. Nxc8 Rxc8 18. Bg2 Nc6 19. g4 fxg4 20. b4 Bb6 21. Qxg4
Ne5 22. Qxe4 Nd3+ 23. Kd2 Qxe4 24. Bxe4 Nxf2 25. Bd5+ Kh8 26. Re1 Rd8 27. c4
Rac8 28. Ke2 Re8+ 29. Kf1 Rxe1+ 30. Kxe1 Nd3+ 31. Ke2 Nxb4 32. Ba3 Nc2 33. c5
Nxa1 34. cxb6 axb6 35. Kd3 Nc2 0-1

[Event "Novi Sad chess winter "]
[Site "Novi Sad"]
[Date "2014.01.15"]
[Round "9.10"]
[White "Ratic, Zoran"]
[Black "Putnik, Milan"]
[Result "1-0"]
[WhiteElo "1938"]
[BlackElo "1750"]
[PlyCount "97"]
[EventDate "2014.01.10"]

1. Nf3 Nf6 2. d4 d5 3. c4 e6 4. Bg5 Bb4+ 5. Nc3 O-O 6. e3 b6 7. a3 Bxc3+ 8.
bxc3 Ba6 9. cxd5 Bxf1 10. Kxf1 exd5 11. Ne5 h6 12. Bxf6 Qxf6 13. Qg4 c5 14. h4
Qd6 15. Rh3 Nc6 16. Rg3 g6 17. Nxg6 fxg6 18. Qxg6+ Qxg6 19. Rxg6+ Kh7 20. Rxc6
Rac8 21. Rxc8 Rxc8 22. Ra2 Kg6 23. g4 Re8 24. Re2 h5 25. g5 Kf5 26. f3 Rc8 27.
Kf2 a5 28. Kg3 cxd4 29. cxd4 Rc3 30. e4+ dxe4 31. Rxe4 Rxa3 32. Re5+ Kg6 33.
Re6+ Kg7 34. Rxb6 a4 35. d5 Rb3 36. Ra6 a3 37. d6 Kf8 38. Ra7 Rd3 39. Ra6 Ke8
40. Kf4 Rd4+ 41. Ke5 Rxh4 42. Ke6 Kf8 43. Ra8+ Kg7 44. d7 Rd4 45. d8=Q Rxd8 46.
Rxd8 h4 47. Ra8 h3 48. Rxa3 Kg6 49. f4 1-0

[Event "Novi Sad chess winter "]
[Site "Novi Sad"]
[Date "2014.01.15"]
[Round "9.11"]
[White "Mladenovic, Aleksandar D"]
[Black "Vukovic, Cvetko"]
[Result "1-0"]
[WhiteElo "1959"]
[BlackElo "1801"]
[PlyCount "49"]
[EventDate "2014.01.10"]

1. d4 Nf6 2. c4 g6 3. Nc3 Bg7 4. g3 O-O 5. Bg2 c6 6. e4 d6 7. Nge2 e5 8. O-O
Nbd7 9. b3 exd4 10. Nxd4 Qc7 11. Bf4 Ne5 12. Qd2 Re8 13. Rad1 Bg4 14. f3 Be6
15. Nxe6 Rxe6 16. Bh3 Ree8 17. Qxd6 Qa5 18. b4 Qb6+ 19. c5 Qxb4 20. Bxe5 Rxe5
21. Qxe5 Ne8 22. a3 Qxa3 23. Qe7 Qxc3 24. Qxb7 Qxc5+ 25. Kh1 1-0

[Event "Novi Sad chess winter "]
[Site "Novi Sad"]
[Date "2014.01.15"]
[Round "9.12"]
[White "Borbas, Petar"]
[Black "Jevtic, Miroljub"]
[Result "0-1"]
[WhiteElo "1775"]
[BlackElo "2073"]
[PlyCount "90"]
[EventDate "2014.01.10"]

1. d4 Nf6 2. c4 e6 3. Nc3 Bb4 4. Nf3 h6 5. g3 b6 6. Bg2 Bb7 7. O-O Bxc3 8. bxc3
O-O 9. Nh4 Bxg2 10. Nxg2 d6 11. Re1 c5 12. e4 e5 13. d5 Nh7 14. Qg4 Qd7 15. Qf3
f5 16. Qh5 fxe4 17. Qg6 Kh8 18. Qxe4 Qf7 19. Rf1 Nf6 20. Qe2 Nbd7 21. Nh4 Rfd8
22. Nf5 Nf8 23. g4 N8h7 24. h4 Rd7 25. Kh1 h5 26. Ne3 hxg4 27. Ng2 Rf8 28. Bg5
Qg6 29. f4 gxf3 30. Qxf3 Nxg5 31. Qg3 Rdf7 32. Qxg5 Qxg5 33. hxg5 Ne4 34. Rxf7
Rxf7 35. Nh4 Nxg5 36. Kg2 Kg8 37. a4 Ne4 38. a5 bxa5 39. Rxa5 g5 40. Nf3 Kg7
41. Ne1 g4 42. Ra6 Kg6 43. Kg1 Kg5 44. Ng2 g3 45. Ra2 Nxc3 0-1

[Event "Novi Sad chess winter "]
[Site "Novi Sad"]
[Date "2014.01.15"]
[Round "9.13"]
[White "Vucurovic, Nebojsa"]
[Black "Aleksic, Zvonimir"]
[Result "1/2-1/2"]
[WhiteElo "2016"]
[BlackElo "1936"]
[PlyCount "30"]
[EventDate "2014.01.10"]

1. e4 e5 2. Nf3 Nf6 3. Nxe5 d6 4. Nf3 Nxe4 5. d4 d5 6. Bd3 Nc6 7. Nc3 Nxc3 8.
bxc3 Bg4 9. O-O Be7 10. Re1 O-O 11. Bf4 Bf6 12. h3 Bxf3 13. Qxf3 Ne7 14. Reb1
b6 15. Qh5 Ng6 1/2-1/2